Thiết kế bài giảng Âm nhạc 3

Sách cung cấp cho đội ngũ giáo viên chuyên cũng như giáo viên dạy kiêm nhiệm phân môn Âm nhạc ở bậc tiểu học có được những cách thức tối ưu nhất để chuyển tải những kiến thức âm nhạc cơ bản đến với từng học sinh một cách nhẹ nhàng...

Ausführliche Beschreibung

Gespeichert in:
Bibliographische Detailangaben
1. Verfasser: Lê, Đức Sang
Format: Buch
Sprache:Undetermined
Veröffentlicht: Hà Nội Đại học Sư phạm Hà Nội 2005
Schlagworte:
Tags: Tag hinzufügen
Keine Tags, Fügen Sie den ersten Tag hinzu!
Thư viện lưu trữ: Trung tâm Học liệu Trường Đại học Cần Thơ
LEADER 01006nam a2200217Ia 4500
001 CTU_120295
008 210402s9999 xx 000 0 und d
020 |c 12000 
082 |a 780.7 
082 |b S106 
100 |a Lê, Đức Sang 
245 0 |a Thiết kế bài giảng Âm nhạc 3 
245 0 |c Lê Đức Sang 
260 |a Hà Nội 
260 |b Đại học Sư phạm Hà Nội 
260 |c 2005 
520 |a Sách cung cấp cho đội ngũ giáo viên chuyên cũng như giáo viên dạy kiêm nhiệm phân môn Âm nhạc ở bậc tiểu học có được những cách thức tối ưu nhất để chuyển tải những kiến thức âm nhạc cơ bản đến với từng học sinh một cách nhẹ nhàng mà hiệu quả. 
650 |a Music,Music 
650 |x Instruction and study,Study and teaching 
904 |i Hiếu 
980 |a Trung tâm Học liệu Trường Đại học Cần Thơ